00730nam a2200241 i 4500001001000000003000900010005001700019007000300036008004100039040003000080041000800110082002200118100002600140245004200166264007600208300002700284336002700311337003300338338002800371586004100399650002400440650002400464000007260DO-SdBNP20241218091315.0ta181224s2007 dr 000 0 spa d aDO-SdBNPbspacBNPHUerda hspa a863.44bV422f2221 aVega, Máximoeautor10aEl final del sueño /cMáximo Vega aSanto Dongo :bUniversidad Central del Este,bEditora De Colores,c2007 a80 páginas ;c21 cm. ardacontentbtexto2txt ardamediabsin mediación2n ardacarrierbvolumen2nc aPremio Nacional de Cuentos-UCE, 2005 4aCuentos dominicanos 4aLiteratura domicana